A practical treatise on ecclesiastical and civil dilapidations, re-instatements, waste, &c. (Record no. 113865)

MARC details
000 -LEADER
fixed length control field 00744cam a22001935a 4500
001 - CONTROL NUMBER
control field L155837
008 - FIXED-LENGTH DATA ELEMENTS--GENERAL INFORMATION
fixed length control field 120418s1829 xxk f 000 0 eng d
035 ## - SYSTEM CONTROL NUMBER
System control number (Sirsi) u155837
041 0# - LANGUAGE CODE
Language code of text/sound track or separate title eng
100 1# - MAIN ENTRY--PERSONAL NAME
Personal name Elmes, James
Dates associated with a name 1782-1862
245 02 - TITLE STATEMENT
Title A practical treatise on ecclesiastical and civil dilapidations, re-instatements, waste, &c.
Remainder of title an appendix containing cases decided, precedents of notices to repair, examples of valuations, surveys, estimates, &c.
250 ## - EDITION STATEMENT
Edition statement 3rd ed., considerably enl.
260 ## - PUBLICATION, DISTRIBUTION, ETC.
Place of publication, distribution, etc. London
Name of publisher, distributor, etc. S. Brooke
Date of publication, distribution, etc. 1829
300 ## - PHYSICAL DESCRIPTION
Extent xxiv, 288, cxxi, [28] p.
Other physical details forms
Dimensions 24 cm.
583 ## - ACTION NOTE
Action Condition reviewed
Time/date of action 20120620
Status condition level 4
651 #4 - SUBJECT ADDED ENTRY--GEOGRAPHIC NAME
Geographic name Great Britain
Chronological subdivision 1707-
690 ## - LOCAL SUBJECT ADDED ENTRY--TOPICAL TERM (OCLC, RLIN)
Topical term or geographic name as entry element Dilapidations
9 (RLIN) 6235
942 ## - ADDED ENTRY ELEMENTS (KOHA)
Suppress in OPAC 0
Holdings
Withdrawn status Lost status Damaged status Not for loan Home library Current library Shelving location Date acquired Total Checkouts Full call number Barcode Date last seen Copy number Price effective from Koha item type
        Historic collection Historic collection Historic collection 18/04/2012   INFRASTRUCTURE OCTAVO 1829 ELMES 30077227 20/08/2025 1 06/08/2019 Book